000 00253nam a22001097a 4500
020 _a9780810970687
100 _aJeff Kinney
245 _aDiary of a Wimpy Kid: Cabin Fever
260 _aNew York
_bAmulet Books
_c2009
300 _a216 pgs
942 _cBK
999 _c260643
_d260642